Italia hội nhập kinh tế quốc tế

Đã lưu trong:
Bibliografiske detaljer
Hovedforfatter: Bùi Nhật Quang
Format: Bog
Udgivet: Khoa học xã hội 2004
Tags: Tilføj Tag
Ingen Tags, Vær først til at tagge denne postø!
Thư viện lưu trữ: Mạng thư viện Đại học Đà Nẵng
LEADER 00567nam a2200229 a 4500
001 000029667
003 19398
005 20171030145630.0
008 171030s2004
020 |c 30000 
040 |a LTT 
082 0 |a 337.45  |b BU-Q 
100 1 |a Bùi Nhật Quang 
245 0 0 |a Italia hội nhập kinh tế quốc tế  |c Bùi Nhật Quang. 
260 |b Khoa học xã hội  |c 2004 
OWN |a LTT 
999 |a From the UDN01 
TYP |a Monograph 
TYP |a Printed language 
980 |a Mạng thư viện Đại học Đà Nẵng